Vplyv aktuálnej ekonomickej situácie na využívanie rizikového kapitálu v krajinách Vyšehradskej skupiny
Skúmanie vplyvu pandémie COVID-19 na zmeny vo využívaní rizikového kapitálu. Analyzovali sme roky 2012 - 2021 so zameraním na krajiny Vyšehradskej štvorky a krajiny strednej a východnej Európy, ako celok. Zistili sme, že hoci v roku 2020 došlo k poklesu využívania rizikového kapitálu, v roku 2021 bo...
Salvato in:
| Autore principale: | |
|---|---|
| Altri autori: | |
| Natura: | Capitolo di libro |
| Lingua: | slovacco |
| Soggetti: | |
| Tags: |
Nessun Tag, puoi essere il primo ad aggiungerne!!
|
MARC
| LEADER | 00000naa$a2200000$$$4500 | ||
|---|---|---|---|
| 001 | 0289996 | ||
| 005 | 20240521095336.1 | ||
| 041 | 0 | |a slo | |
| 044 | |a SK | ||
| 245 | 1 | 0 | |a Vplyv aktuálnej ekonomickej situácie na využívanie rizikového kapitálu v krajinách Vyšehradskej skupiny |c Lenka Kalusová, Peter Badura |
| 520 | |a Skúmanie vplyvu pandémie COVID-19 na zmeny vo využívaní rizikového kapitálu. Analyzovali sme roky 2012 - 2021 so zameraním na krajiny Vyšehradskej štvorky a krajiny strednej a východnej Európy, ako celok. Zistili sme, že hoci v roku 2020 došlo k poklesu využívania rizikového kapitálu, v roku 2021 bol zaznamenaný rekordný objem investícií rizikového kapitálu v krajinách CEE. | ||
| 610 | 2 | 0 | |a kapitál |
| 610 | 2 | 0 | |a kapitál rizikový |
| 610 | 2 | 0 | |a pandémia |
| 610 | 2 | 0 | |a Vyšehradská štvorka |
| 610 | 2 | 0 | |a ekonómia |
| 100 | 1 | |a Kalusová, Lenka, 1987- | |
| 700 | 1 | |a Badura, Peter, 1978- | |